000 00650cam a2200217 4500
001 J61438
008 000000n1999 000 0 eng u
035 _a(Sirsi) u106657
041 _aeng
050 _a333.33709421
110 _aDTZ Debenham Thorpe
_92895
245 _aCORe : central offices research : London. - Winter 1998/99
260 _aLondon
_bDTZ Debenham Thorpe
_c1999
300 _a7p.. ; 30cm.
650 _aFLOORSPACE STATISTICS
650 _aLONDON
650 _aPROPERTY-COMMERCIAL PROPERTY-OFFICE PROPERTY-OFFICE PROPERTY MARKET
650 _aPROPERTY INVESTMENT
690 _aPROPERTY-COMMERCIAL PROPERTY
942 _n0
999 _c100599
_d100599